• 首页
  • 本馆介绍
  • 公告通知
  • 最新文献
  • 馆藏检索
  • 电子资源
  • 读者导购
  • 参考咨询
  • 我的图书馆
  • 登录
  • 详细信息显示
  • 放入我的书架
  • 预约/预借图书
  • 作者相关作品
  • 分类相关作品
  • 丛书相关作品
  • 出版社相关作品

书目信息

  • 表格格式
  • 工作单格式
  • 卡片格式
书名: Intermediate accounting
作者: Donald E. Kieso, Jerry J. Weygandt, Terry D. Warfield.
分册号:
分册名:
出版地: New York :
 
出版社: Wiley
出版时间: 1992.
页数: xl, 1459 :
开本: 29 cm. +
丛书名:
中图分类号:
科图分类号:
其他分类号: F766
主题词:
电子资源: http://www.loc.gov/catdir/toc/onix06/00699593.html     
000 01373cam 2200493 a 4500
001 E0740265066
005 20070430142554.10
020    @a0-471-54009-9.
020    @a0471376590 (CD-ROM).
020    @a0471363030.
020    @a0471392251 (Wiley international ed.).
090    @aF766
099    @dF766@ex31=10
100 1  @aKieso, Donald E.
245 10 @aIntermediate accounting / @cDonald E. Kieso, Jerry J. Weygandt, Terry D. Warfield.
250    @a7th ed.
260    @aNew York :@bWiley,@c1992.
260    @aNew York :@bNew York.
300    @axl, 1459 :@bcol. ill. ;@c29 cm. +@e1 computer disc (4 3/4 inc.).
500    @a"Version 1.0"--Disc label.
504    @aIncludes bibliographical references and index.
700 1  @aWeygandt, Jerry J.
700 1  @aWarfield, Terry D.
856 41 @3Table of Contents@uhttp://www.loc.gov/catdir/toc/onix06/00699593.html
920    @a231010@z2
920    @a245010@z1
920    @a244050@z2
920    @a261020@z2
920    @a212010@z1
920    @a232010@z2
920    @a237020@z2
920    @a244070@z1
920    @a211050@z2
920    @a223140@z2
920    @a251050@z1
920    @a246040@z1
920    @a237385@z2
920    @a242250@z2
920    @a242120@z1
920    @a221410@z2
920    @a235010@z1
920    @a212020@z2
920    @a244020@z1
998    @aFDU
    
    Intermediate accounting / / Donald E. Kieso, Jerry J. Weygandt, Terry D. Warfield.-7th ed.-New York : : Wiley, , 1992.-New York : : New York.
    xl, 1459 : : col. ill. ; ; 29 cm. + + 1 computer disc (4 3/4 inc.).
    "Version 1.0"--Disc label.-Includes bibliographical references and index.
    
    ISBN 0-471-54009-9.
    
●
相关链接 在E读中查询图书 在五车中查询图书 在当当中查询图书 在豆瓣中查询图书


正题名:Intermediate accounting     索取号:F766/x31=10         预约/预借

序号 登录号 条形码 馆藏地/架位号 状态 备注
1 6491   300064917   第二样本阅览室/ [索取号:F766/x31=10] 在馆    
2 6492   300064926   第四借阅区/ [索取号:F766/x31=10] 在馆    
3 6493   300064935   密集书库/ [索取号:F766/x31=10] 在馆    
4 6494   300064944   密集书库/ [索取号:F766/x31=10] 在馆    
5 6495   300064953   第四借阅区/ [索取号:F766/x31=10] 在馆    
唐山师范学院图书馆 欢迎您!
大连网信软件有限公司© 版权所有